Darwin, el gigante de la evolución.

Bibliographic Details
Format: Book
Language:Spanish
Subjects:

MARC

LEADER 00000cam a2200000 a 4500
001 52205
003 Ucuenca
005 20231121062617.0
008 000000|1960 ec |||||r|||||||||||spa||
040 |b spa 
041 0 |a es 
082 0 |a 575 
100 1 |a    |9 310090 
245 |a Darwin, el gigante de la evolución.   |c Agustín Cueva Tamariz   |h imp 
264 |a Cuenca  |b Casa de la Cultura Ecuatoriana, Nucleo del Azuay  |c 1960 
300 |a 264 páginas:  |c 22 cm 
650 4 |a Evolución  |9 14402 
650 7 |a Genética  |9 2583 
852 |a UC-CDJBV  |f Compra  |l 1  |m General  |p 00000000  |r 2  |t 52205  |y 145616  |b 0  |d CDRC  |e CDRC  |g 575 SEGUNDO PISO  |z 0000-00-00 
942 |c BK  |2 ddc  |r ivan.verdugo@ucuenca.edu.ec 
999 |c 29907  |d 29907